Биодеградируемые материалы медицинского назначения и оценка их деструкции; Перспективы развития фундаментальных наук

Manylion Llyfryddiaeth
Parent link:Перспективы развития фундаментальных наук.— 2013.— [С. 454-456]
Prif Awdur: Станкевич К. С. Ксения Сергеевна
Awdur Corfforaethol: Национальный исследовательский Томский политехнический университет (ТПУ) Институт природных ресурсов (ИПР) Кафедра физической и аналитической химии (ФАХ)
Awduron Eraill: Асташкина А. П. Анна Павловна (научный руководитель), Твердохлебов С. И. Сергей Иванович
Crynodeb:Заглавие с экрана
In recent years there has been an increase in interest in biodegradable polymers.The report covers the major classes of biopolymers, their physical and chemical properties and the relevance for medical applications. Also, conducted experiments' technique is described and the experimental results of biodegradation by using the microorganisms are given.
Iaith:Rwseg
Cyhoeddwyd: 2013
Cyfres:Химия
Pynciau:
Mynediad Ar-lein:http://www.lib.tpu.ru/fulltext/c/2013/C21/152.pdf
Fformat: Electronig Pennod Llyfr
KOHA link:https://koha.lib.tpu.ru/cgi-bin/koha/opac-detail.pl?biblionumber=603777

MARC

LEADER 00000naa2a2200000 4500
001 603777
005 20260204135134.0
035 |a (RuTPU)RU\TPU\conf\976 
035 |a RU\TPU\conf\975 
090 |a 603777 
100 |a 20140205d2013 k y0rusy50 ca 
101 0 |a rus 
102 |a RU 
135 |a drcn ---uucaa 
181 0 |a i  
182 0 |a b 
200 1 |a Биодеградируемые материалы медицинского назначения и оценка их деструкции  |d Biodegradable materials for medical purposes and evoluation of their destraction  |f К. С. Станкевич, А. П. Асташкина, С. И. Твердохлебов  |g науч. рук. С. И. Твердохлебов 
203 |a Текст  |c электронный 
215 |a 1 файл(363 Кб) 
225 1 |a Химия 
300 |a Заглавие с экрана 
320 |a [Библиогр.: с. 456 (7 назв.)] 
330 |a In recent years there has been an increase in interest in biodegradable polymers.The report covers the major classes of biopolymers, their physical and chemical properties and the relevance for medical applications. Also, conducted experiments' technique is described and the experimental results of biodegradation by using the microorganisms are given. 
337 |a Adobe Reader 
463 1 |0 (RuTPU)RU\TPU\conf\715  |t Перспективы развития фундаментальных наук  |l Prospects of fundamental sciences development  |o сборник научных трудов X Международной конференция студентов и молодых ученых, г. Томск, 23-26 апреля 2013 г.  |f Национальный исследовательский Томский политехнический университет (ТПУ) ; ред. коллегия Е. А. Вайтулевич ; Г. А. Лямина ; Г. А. Воронова ; М. Е. Семенов ; А. В. Устинов ; Н. С. Пушилина  |v [С. 454-456]  |d 2013 
510 1 |a Biodegradable materials for medical purposes and evoluation of their destraction  |z eng 
610 1 |a электронный ресурс 
610 1 |a труды учёных ТПУ 
610 1 |a Биодеградируемые материалы 
610 1 |a медицинское назначение 
610 1 |a деструкции 
700 1 |a Станкевич  |b К. С.  |c химик  |c инженер Томского политехнического университета  |f 1992-  |g Ксения Сергеевна  |3 (RuTPU)RU\TPU\pers\34975 
701 1 |a Асташкина  |b А. П.  |c химик  |c доцент Томского политехнического университета, кандидат химических наук  |f 1984-  |g Анна Павловна  |3 (RuTPU)RU\TPU\pers\28329  |9 13238 
701 1 |a Твердохлебов  |b С. И.  |c физик  |c доцент Томского политехнического университета, кандидат физико-математических наук  |f 1961-  |g Сергей Иванович  |3 (RuTPU)RU\TPU\pers\27873  |9 12889 
702 1 |a Твердохлебов  |b С. И.  |c физик  |c доцент Томского политехнического университета, кандидат физико-математических наук  |f 1961-  |g Сергей Иванович  |4 727 
712 0 2 |a Национальный исследовательский Томский политехнический университет (ТПУ)  |b Институт природных ресурсов (ИПР)  |b Кафедра физической и аналитической химии (ФАХ)  |3 (RuTPU)RU\TPU\col\18656 
801 1 |a RU  |b 63413507  |c 20101016 
801 2 |a RU  |b 63413507  |c 20230323  |g RCR 
856 4 |u http://www.lib.tpu.ru/fulltext/c/2013/C21/152.pdf 
942 |c CF